|
|
|
|
| LEADER |
00000cam a2200000 4500 |
| 001 |
vtls011969476 |
| 003 |
SK-MaSNL |
| 005 |
20260301053538.0 |
| 008 |
200527s2020 xr oabcgrnf 001 0dcze |
| 015 |
|
|
|a SNBA2023/08
|
| 020 |
|
|
|a 9788074517655
|q (viazané)
|
| 020 |
|
|
|a 9788074518263
|q (súbor)
|
| 040 |
|
|
|a SNK
|b slo
|c SNK
|e rda
|
| 041 |
0 |
|
|a cze
|
| 043 |
|
|
|a e-xr---
|a e-xo---
|
| 044 |
|
|
|a xr
|c CZ
|
| 072 |
|
7 |
|a 94(437)
|x Dejiny Československa
|2 konspekt
|
| 080 |
|
|
|a 94(437)
|2 2011
|
| 080 |
|
|
|a 82-94
|2 2011
|
| 080 |
|
|
|a (048.8)
|2 2011
|
| 100 |
1 |
|
|a Fidler, Jiří,
|d 1961-
|4 aut
|4 pht
|9 86295
|
| 245 |
1 |
0 |
|a Kronika republiky 1918-1968
|c text, scénář obrazové části a podklady pro jej tvorbu: Jiří Fidler ; ilustrácie Jindřich Žáček ; mapy Jaroslav Synek
|
| 250 |
|
|
|a První vydání
|
| 264 |
|
1 |
|a Praha
|b Ottovo nakladatelství s.r.o.
|c 2020
|
| 300 |
|
|
|a 320 strán
|b fotografie, faksimile, ilustrácie, mapy, portréty
|c 31 cm
|
| 336 |
|
|
|a text
|b txt
|2 rdacontent
|
| 336 |
|
|
|a statický obraz
|b sti
|2 rdacontent
|
| 337 |
|
|
|a bez média
|b n
|2 rdamedia
|
| 338 |
|
|
|a zväzok
|b nc
|2 rdacarrier
|
| 500 |
|
|
|a Obsahuje biografické údaje politických osobností spolu s portrétmi
|
| 504 |
|
|
|a Bibliografia na strane 318-319 a register
|
| 648 |
|
7 |
|a 1918-1968
|2 SNKPH
|9 293236
|
| 650 |
0 |
7 |
|a dejiny
|2 SNKPH
|9 3825
|
| 650 |
0 |
7 |
|a udalosti
|2 SNKPH
|9 30129
|
| 650 |
0 |
7 |
|a kroniky
|2 SNKPH
|9 29539
|
| 650 |
0 |
7 |
|a History
|2 SNKPHeng
|9 265139
|
| 650 |
0 |
7 |
|a Events
|2 SNKPHeng
|9 267507
|
| 650 |
0 |
7 |
|a Chronicles
|2 SNKPHeng
|9 310414
|
| 651 |
|
7 |
|a Československo
|x dejiny
|2 SNKPHgeo
|9 161432
|
| 651 |
|
7 |
|a Czechoslovakia
|x History
|2 SNKPHeng
|9 125910
|
| 655 |
|
7 |
|a monografie
|2 SNKPH
|9 70139
|
| 655 |
|
7 |
|a Monographs
|2 SNKPHeng
|9 120675
|
| 655 |
|
7 |
|a Surveys
|2 SNKPHeng
|9 266058
|
| 655 |
|
7 |
|a Photographic publication
|2 SNKPHeng
|9 266858
|
| 655 |
|
7 |
|a prehľady
|2 SNKPH
|9 70194
|
| 655 |
|
7 |
|a fotografické publikácie
|2 SNKPH
|9 70483
|
| 700 |
1 |
|
|a Žáček, Jiří,
|d 1945-
|4 ill
|9 222229
|
| 700 |
1 |
|
|a Synek, Jaroslav
|4 ctg
|9 343134
|
| 852 |
|
|
|a Slovenská národná knižnica
|
| 919 |
|
|
|a 978-80-7451-765-5
|
| 919 |
|
|
|a 978-80-7451-826-3
|
| 954 |
|
|
|a odborná, vedecká literatúra cudzojazyčná (svetová)
|2 lita
|
| 958 |
|
|
|a ZS
|
| 958 |
|
|
|a NB
|
| 958 |
|
|
|a SK
|
| 958 |
|
|
|a CZ
|
| 999 |
|
|
|c 608596
|d 610526
|
| 952 |
|
|
|a SNK
|b SNK
|y PREZ
|7 0
|p 17A1527474
|o snkSB 99052/1
|i snk2023/6641
|8 4
|g 25.52
|0 0
|1 0
|4 0
|d 2022-02-17
|f 1
|l 0
|r 2025-05-22 00:00:00
|w 2026-02-23
|